Katalog der Stempelmarken von Deutschland Vol 17 Freight Stamps, Newspaper (Record no. 1835)

000 -LEADER
fixed length control field 00358nam a22000977a 4500
008 - FIXED-LENGTH DATA ELEMENTS--GENERAL INFORMATION
fixed length control field 160319b xxu||||| |||| 00| 0 eng d
100 ## - MAIN ENTRY--AUTHOR'S NAME
Author's Name Erler, Martin
245 ## - TITLE STATEMENT
Title Katalog der Stempelmarken von Deutschland Vol 17 Freight Stamps, Newspaper
Remainder of title Freight, newspaper seat reservation and Tax substitute
260 ## - PUBLICATION, DISTRIBUTION, ETC. (IMPRINT)
Place of publication, distribution, etc. Icking, Germany
Name of publisher, distributor, etc. ORA Verlag
Date of publication, distribution, etc. 1999
650 ## - TOPICAL TERM (Tag)
Topical term or geographic name revenues
Holdings
Withdrawn status Lost status Source of classification or shelving scheme Damaged status Koha normalized classification for sorting Not for loan Collection code Permanent Location Current Location Date acquired Total Checkouts Full call number Barcode Date last seen Price effective from
        G6081 R451 E69   Al Hyman Northern Philatelic Library Northern Philatelic Library 03/19/2016   G6081 R451 E69 1002096 03/19/2016 03/19/2016

Powered by Koha